glass beach songs - Statistics

General Stats
  • This quiz has been taken 18 times
  • The average score is 20 of 36
Answer Stats
Answer % Correct
cold weather
85%
commatose
85%
bedroom community
77%
dallas
77%
(blood rivers)
69%
classic j dies and goes to hell part 1
69%
(forever?????????)
69%
glass beach
69%
neon glow
69%
orchids
69%
puppy
69%
rare animal
69%
the CIA
69%
whalefall
69%
yoshi's island
69%
200
62%
abyss angel
62%
coelacanth
62%
cul-de-sac
62%
(rat castle)
62%
the killer
62%
guitar song
54%
motions
54%
slip under the door
54%
bone skull
46%
calico
46%
beach life in death
38%
planetarium
38%
running
38%
1015
31%
welcome to the black parade
31%
bathroom community
23%
soft!!!!!!
23%
color bars
15%
jhariah dies and goes to hell
15%
LOST!!!!!!
8%
No matching quizzes found
Score Distribution
Percent of People with Each Score
Percentile by Number Answered
Your Score History
You have not taken this quiz